Novinári do ďalšej etapy konferencia Západoslovenského KO SZN

Podrobná bibliografia
Médium: Článok
Jazyk:slovenčina
Predmet:

MARC

LEADER 00000nab a2200000 a 4500
001 vtls008962691
003 SK-MaSNL
005 20260305030248.0
008 070305 1977 xo 000 0 slo
015 |a SNBRB1977 
040 |a SNKBUCL  |b slo  |c SNKBUCL  |e AACR2 
041 0 |a slo 
044 |a xo  |c SK 
080 |a 070:061.2(437.6)  |2 2001 
245 0 0 |a Novinári do ďalšej etapy  |b konferencia Západoslovenského KO SZN 
610 2 7 |a Slovenský zväz novinárov  |2 snkbucl  |9 173505 
651 7 |a Západoslovenský kraj (Slovensko)  |2 snkbucl  |9 161528 
773 0 |t Hlas ľudu  |g 22.1.1977, s. 1 a 7 
999 |c 3310266  |d 3312196